EG retail (Record no. 78456)
[ view plain ]
| 000 -LEADER | |
|---|---|
| fixed length control field | 01438cab a2200277 4500 |
| 001 - CONTROL NUMBER | |
| control field | L136824 |
| 008 - FIXED-LENGTH DATA ELEMENTS--GENERAL INFORMATION | |
| fixed length control field | 070226n2007 000 0 eng u |
| 035 ## - SYSTEM CONTROL NUMBER | |
| System control number | (Sirsi) u136824 |
| 041 ## - LANGUAGE CODE | |
| Language code of text/sound track or separate title | eng |
| 100 1# - MAIN ENTRY--PERSONAL NAME | |
| Personal name | McClary, Samantha |
| 245 00 - TITLE STATEMENT | |
| Title | EG retail |
| 260 ## - PUBLICATION, DISTRIBUTION, ETC. | |
| Date of publication, distribution, etc. | 2007 |
| 490 00 - SERIES STATEMENT | |
| Series statement | Estates Gazette |
| Volume/sequential designation | Supplement (0708) 24 February 2007 65 (LOAN) |
| 520 ## - SUMMARY, ETC. | |
| Summary, etc. | Provides a roundup of the retail market in the UK, Europe, the Americas and Asia. Looks at the new image of McDonald's and asks whether it will persuade landlords it can pay a healthy rent. Reports on new ways retailers are finding to attract consumers and keep them coming back. Covers international expansion for retail operations. Looks at real estate investment trusts asking whether opening the commercial property market to a much wider group of potential investors is a mixed blessing. Reports on what happens when cash-strapped retailers tilt the balance in rent negotiations. Provides case studies of retail in Russia and Ireland. Reports on who won the Estates Gazette Retail and Future Project Awards in November 2006. |
| 590 ## - LOCAL NOTE (RLIN) | |
| Local note | KA |
| 651 #4 - SUBJECT ADDED ENTRY--GEOGRAPHIC NAME | |
| Geographic name | International |
| 690 ## - LOCAL SUBJECT ADDED ENTRY--TOPICAL TERM (OCLC, RLIN) | |
| Topical term or geographic name as entry element | PROPERTY-COMMERCIAL PROPERTY-RETAIL PROPERTY |
| 700 1# - ADDED ENTRY--PERSONAL NAME | |
| Personal name | Osborne, Helen |
| 700 1# - ADDED ENTRY--PERSONAL NAME | |
| Personal name | Rovnick, Naomi |
| 700 1# - ADDED ENTRY--PERSONAL NAME | |
| Personal name | Harris, David |
| 700 1# - ADDED ENTRY--PERSONAL NAME | |
| Personal name | Donnelly, Michael |
| 700 1# - ADDED ENTRY--PERSONAL NAME | |
| Personal name | Ward, Hazel |
| 700 1# - ADDED ENTRY--PERSONAL NAME | |
| Personal name | Lyall, Sutherland |
| 700 1# - ADDED ENTRY--PERSONAL NAME | |
| Personal name | Kivlehan, Noella Pio |
| 942 ## - ADDED ENTRY ELEMENTS (KOHA) | |
| Suppress in OPAC | 0 |
| Withdrawn status | Lost status | Source of classification or shelving scheme | Damaged status | Not for loan | Home library | Current library | Shelving location | Date acquired | Total Checkouts | Full call number | Barcode | Date last seen | Copy number | Price effective from | Koha item type |
|---|---|---|---|---|---|---|---|---|---|---|---|---|---|---|---|
| Dewey Decimal Classification | London | London | Journal article | 26/02/2007 | L136824 | 136824-1001 | 06/08/2019 | 1 | 06/08/2019 | Journal article |